000
00312nam a2200133Ia 4500
005
20251222141932.0
008
251222s9999||||xx |||||||||||||| ||spa||
020
_a
84-8280-729-3
082
_a
828.82/D73D/T.I
100
_a
Dickens, Charles
245
0
_a
David Copperfield
264
_b
Oveja Negra
942
_c
LIB
999
_c
9064
_d
9064